Aktuálne zmeny v manažérskych funkciách v kontexte globálnej hospodárskej krízy
Zmeny v manažérskych funkciách v kontexte bodu zlomu globálneho prostredia t.j. globálnej hospodárskej krízy. Aktuálnosť a kvalitatívny aspekt, pretože zmeny v dôsledku globálnej hospodárskej krízy mali skôr charakter znižovania nákladov, šetrenie a iné minimalizačné opatrenia.
Enregistré dans:
| Auteur principal: | |
|---|---|
| Autres auteurs: | |
| Format: | Chapitre de livre |
| Langue: | slovaque |
| Sujets: | |
| Tags: |
Pas de tags, Soyez le premier à ajouter un tag!
|
MARC
| LEADER | 00000naa a2200000 4500 | ||
|---|---|---|---|
| 001 | 0248843 | ||
| 005 | 20240502073959.5 | ||
| 041 | 0 | |a slo | |
| 044 | |a SK | ||
| 245 | 1 | 0 | |a Aktuálne zmeny v manažérskych funkciách v kontexte globálnej hospodárskej krízy |
| 520 | |a Zmeny v manažérskych funkciách v kontexte bodu zlomu globálneho prostredia t.j. globálnej hospodárskej krízy. Aktuálnosť a kvalitatívny aspekt, pretože zmeny v dôsledku globálnej hospodárskej krízy mali skôr charakter znižovania nákladov, šetrenie a iné minimalizačné opatrenia. | ||
| 610 | 2 | 0 | |a kríza hospodárska |
| 610 | 2 | 0 | |a funkcie riadenia |
| 610 | 2 | 0 | |a podnik |
| 610 | 2 | 0 | |a znižovanie nákladov |
| 610 | 2 | 0 | |a analýza komparatívna |
| 100 | 1 | |a Galovská, Marcela | |
| 700 | 1 | |a Jankelová, Nadežda, 1966- | |